Probability <An> Introduction

Salvato in:
Dettagli Bibliografici
Autore principale: Grimmett, Geoffrey
Altri autori: Welsh, Dominic
Natura: Libro
Lingua:inglese
Pubblicazione: Oxford Clarendon Press 1994
Edizione:1. ed., 7. repr.
Soggetti:
Tags: Aggiungi Tag
Nessun Tag, puoi essere il primo ad aggiungerne!!

MARC

LEADER 00000nam a2200000 4500
001 c013552
005 20230105072600.2
020 |a 0-19-853264-4 
041 0 |a eng 
044 |a US 
245 1 0 |a Probability  |b <An> Introduction  |c Geoffrey Grimmett, Dominic Welsh 
250 |a 1. ed., 7. repr. 
264 1 |a Oxford  |b Clarendon Press  |c 1994 
300 |a 211 s. 
610 2 0 |a pravdepodobnosť 
610 2 0 |a metódy matematicko-štatistické 
610 2 0 |a rady časové 
610 2 0 |a modely matematicko-štatistické 
100 1 |a Grimmett, Geoffrey 
700 1 |a Welsh, Dominic